000 00864nam a2200265Ia 4500
003 OSt
005 20221005064648.0
006 a|||||r|||| 00| 0
007 ta
008 221004b |||||||| |||| 00| 0 eng d
020 _a0805842365 (pbk)
_c1390.63
024 _a95642
037 _b06528, 31/03/2009, Atlantic Publisher & Dist. Pvt Ltd.
_cTextual
040 _aCRL
_cCRL
_beng
041 _2eng
_aeng
082 _aY:1, P6
100 _aBaldwin John R. Ed.
_9604127
245 0 _aRedefining culture
_b Perspectives across the disciplines
260 _aMahwah
_bLawrence Erlbaum Associates USA
_c2006
300 _axxiii,260p.
_ccm.
490 _aLea's communication series
650 _aSOCIOLOGY
942 _hY:1, P6
_cTEXL
_2cc
999 _c973454
_d973454